00961nam a2200205 a 450000100100000000500170001000800410002702000150006804000250008310000330010824502130014126000720035430000280042650400730045450400330052770000360056070000360059695201060063299900170073800003985720201002033755.0130725s2001 sp 001 0 spa d a8400079213 aDO-SdBNPbspacBNPHU1 aSignes Codoñer,Juan96605410aBiblioteca y epistolario de Hernán Núñez de Guzmán :b(El Pinciano) : una aproximación al humanismo español del siglo 16 /cJuan Signes Codoñer, Carmen Codoñer Merino, Arantxa Domingo Malvadi. aMadrid :bConsejo Superior de Investigaciones Científicas,c2001. a558 p. :bil. ;c26 cm. aIncluye referencias bibliográficas y notas al pie de las páginas aBibliografía : p.b527-5321 aCodoñer Merino, Carmen9660551 aDomingo Malvadi, Arantxa966056 0010507-18MOaGRbGRcOId2013-07-25iLF1l0o p39857-10r2020-06-25w2020-06-25y1ZNo se presta c39347d39347